| 000 | 00909nam a2200313 a 4500 | ||
|---|---|---|---|
| 003 | AR-BaBNM | ||
| 005 | 20251128210715.0 | ||
| 008 | 082120s2002 ||||||||||||||000 | spa|| | ||
| 020 | _a950-739-672-1 | ||
| 040 | _cAR-BaBNM | ||
| 100 | 1 | _aDarwin, Charles | |
| 245 | 0 | 0 | _aEl origen de las especies por medio de la selección natural o conservación de las razas en su lucha por la existencia |
| 260 |
_aBuenos Aires _bErrepar _c1999 |
||
| 300 | _a211 p. | ||
| 490 | 0 |
_aClásicos de bolsillo _vv. 17 |
|
| 650 | 4 | _aHISTORIA DE LAS CIENCIAS | |
| 650 | 4 | _aINVESTIGACION CIENTIFICA | |
| 650 | 4 | _aPALEONTOLOGIA | |
| 650 | 4 | _aGEOLOGIA | |
| 650 | 4 | _aBIOLOGIA | |
| 650 | 4 | _aEVOLUCION | |
| 650 | 4 | _aANTROPOLOGIA | |
| 650 | 4 | _aHOMBRE PREHISTORICO | |
| 650 | 4 | _aHERENCIA | |
| 653 | _aCONOCIMIENTO CIENTIFICO | ||
| 700 | 1 |
_aRodríguez Acero, Margarita _ecompilador |
|
| 942 | _cBK | ||
| 998 | _cMARTIN | ||
| 999 |
_c16535 _d16535 |
||